|
|
|
|
| LEADER |
00000cam a2200000 a 4500 |
| 001 |
vtls008817688 |
| 003 |
SK-MaSNL |
| 005 |
20260301165607.0 |
| 008 |
050817s2005 xo a g 000 m slo |
| 020 |
|
|
|a 8085161435 (brož.)
|
| 040 |
|
|
|a SNK
|b slo
|c SNK
|e AACR2
|
| 041 |
0 |
|
|a slo
|
| 043 |
|
|
|a e-xo---
|
| 044 |
|
|
|a xo
|c SK
|
| 072 |
|
7 |
|a 82:06
|x Literárne organizácie, súťaže
|2 konspekt
|
| 072 |
|
7 |
|a 821.161.4
|x Slovenská literatúra
|2 konspekt
|
| 080 |
|
|
|a 821.162.4-1
|2 2001
|
| 080 |
|
|
|a 821.162.4-32
|2 2001
|
| 080 |
|
|
|a (082)
|2 2001
|
| 080 |
|
|
|a (437.6)
|2 2001
|
| 080 |
|
|
|a 82:06.063
|2 2001
|
| 111 |
2 |
|
|a O dúhovú lampu z krajiny Zázračno
|n (13. :
|d 2005 :
|c Žilina, Slovensko)
|9 534556
|
| 245 |
1 |
0 |
|a O dúhovú lampu z krajiny Zázračno
|b XIII. ročník celoslovenskej literárnej súťaže
|c [zostavila: Anna Vojčíková-Poláčková ; ilustrácie: Eva Brezániová]
|
| 260 |
|
|
|a V Žiline
|b Regionálne osvetové stredisko
|c 2005
|
| 300 |
|
|
|a 48 s.
|b ilustr.
|c 19 cm
|
| 366 |
|
|
|e 500 výt.
|
| 650 |
0 |
7 |
|a literárne súťaže
|2 SNKPH
|9 4275
|
| 655 |
|
7 |
|a slovenská poézia
|2 SNKPH
|9 70444
|
| 655 |
|
7 |
|a slovenské príbehy
|2 SNKPH
|9 70494
|
| 655 |
|
7 |
|a zborníky
|2 SNKPH
|9 70165
|
| 700 |
1 |
|
|a Vojčíková-Poláčková, Anna
|4 com
|9 375163
|
| 700 |
1 |
|
|a Brezániová, Eva
|4 ill
|9 298900
|
| 919 |
|
|
|a 80-85161-43-5
|
| 999 |
|
|
|c 824813
|d 826743
|
| 952 |
|
|
|a SNK
|b SNK
|y VYP
|7 0
|p 17A0583691
|o snkSD 77253 D1
|i snk2008/6987
|8 1
|0 0
|1 0
|4 0
|d 2008-03-27
|l 0
|r 2017-06-30 00:00:00
|w 2026-02-24
|
| 952 |
|
|
|a SNK
|b SNK
|y PREZ
|7 0
|p 17A0583689
|o snkSD 77253
|i snk2008/6986
|8 1
|0 0
|1 0
|4 0
|d 2008-03-27
|l 0
|r 2025-11-25 00:00:00
|w 2026-02-24
|